| 000 | 00788cam a22002777a 4500 | ||
|---|---|---|---|
| 003 | CHAP | ||
| 005 | 20220817042132.0 | ||
| 008 | 971013d1982 it r 00110 spa d | ||
| 010 | _a35727 | ||
| 011 | _a36699 | ||
| 035 | _a40818 | ||
| 040 | _cCHAP | ||
| 082 | 0 | 4 |
_a634.9 _bF3 v.32 |
| 110 | 2 | _aFAO | |
| 245 | 1 | 0 | _aClasificación y definición de los productos forestales |
| 260 |
_aRoma : _bFAO, _c1982 |
||
| 300 | _a201 p. | ||
| 490 | 0 |
_aFAO. Montes _v; 32 |
|
| 590 |
_aBATCH-UPD _b10 _c20130110 _lUCH01 _h0142 |
||
| 590 |
_aCONVERSION _b10 _c20130109 _lUCH01 _h1320 |
||
| 650 | 1 | 4 |
_aProductos forestales _xNormas de calidad. _992097 |
| 830 | 0 |
_aFAO. Montes _v; 32 _939632 |
|
| 901 | _aBK | ||
| 942 | _cLIBRO | ||
| 949 |
_a634.9 F3 v.32 _bBC _cFAO _d33724000718250 _eFAO1 _h59476 _i40818 _si |
||
| 999 |
_c35727 _d35727 |
||